Central Library OPAC University of Rajshahi

উত্তরবঙ্গের সত্যপির পাঁচালি / (Record no. 84438)

MARC details
000 -LEADER
fixed length control field 01561nam a2200265 a 4500
001 - CONTROL NUMBER
RUCL Control Number 84438
003 - CONTROL NUMBER IDENTIFIER
rucl marc code BD-RjUL
005 - DATE AND TIME OF LATEST TRANSACTION
control field 20241204115357.0
008 - FIXED-LENGTH DATA ELEMENTS--GENERAL INFORMATION
fixed length control field 241204s2024 bg a|||| m||| 00| 0 ben d
035 ## - SYSTEM CONTROL NUMBER
system control number (BD-RjUL)84438
040 ## - CATALOGING SOURCE
Original cataloging agency BD-RjUL
Language of cataloging ben/eng
Transcribing agency BD-RjUL
Modifying agency BD-RjUL
041 ## - LANGUAGE CODE
Language code of Book ben
082 ## - DEWEY DECIMAL CLASSIFICATION NUMBER
Classification number 891.44209
DDC Edition number 23
Author mark and Year ELA 2024
100 ## - MAIN ENTRY--PERSONAL NAME
Personal name ইলা, ইসমত আরা ভূঁইয়া
9 (RLIN) 14563
245 10 - TITLE STATEMENT
Title উত্তরবঙ্গের সত্যপির পাঁচালি /
Statement of responsibility, etc গবেষক ইসমত আরা ভূঁইয়া ইলা ;
Name of Supervisor/Co-Supervisor গবেষণা তত্ত্বাবধায়ক : শাহরিয়ার হোসেন
246 ## - VARYING FORM OF TITLE
Title proper/short title The Satyapir Panchali of North Bengal /
260 ## - PUBLICATION, DISTRIBUTION, ETC. (IMPRINT)
Place of publication, distribution, etc রাজশাহী :
Name of publisher, distributor, etc নাট্যকলা বিভাগ, রাজশাহী বিশ্ববিদ্যালয়,
Date of publication, distribution, etc ২০২৪
300 ## - PHYSICAL DESCRIPTION
Pagination viii, ৪০৩ পাতা :
Other physical details চিত্র ;
Dimensions ২৯ সেমি.
502 ## - DISSERTATION NOTE
Dissertation note থিসিস (পিএইচ. ডি.) -- নাট্যকলা বিভাগ, রাজশাহী বিশ্ববিদ্যালয়, ২০২৪
504 ## - BIBLIOGRAPHY, ETC. NOTE
Bibliography, etc গ্রন্থপঞ্জি : পাতা [৩৬১]-৩৬৯
650 ## - SUBJECT ADDED ENTRY--TOPICAL TERM
Topical term or geographic name as entry element বাংলা নাটক
Form subdivision ইতিহাস ও সমালোচনা
9 (RLIN) 8486
Topical term or geographic name as entry element Bengali drama
Form subdivision History and Criticism
9 (RLIN) 8487
700 ## - ADDED ENTRY--SUPERVISOR/CO-SUPERVISOR NAME
Personal name হোসেন, শাহরিয়ার, গবেষণা তত্ত্বাবধায়ক
9 (RLIN) 1755
942 ## - ADDED ENTRY ELEMENTS (KOHA)
Source of classification or shelving scheme Dewey Decimal Classification
Koha item type Theses
Holdings
Source of classification or shelving scheme Damaged status Not for loan Collection code Permanent Location Current Location Shelving location Date of accession Source of acquisition Total Checkouts Full call number Barcode Date last seen Copy number Thesis
Dewey Decimal Classification   Not For Loan Theses Central Library, University of Rajshahi Central Library, University of Rajshahi Documentation Section 19/11/2024 Controller of Exam. R.U.   BTHE 891.44209 ELA 2024 D5027 04/12/2024 C-I Theses